<?xml version="1.0" encoding="UTF-8"?>
<record
    xmlns:xsi="http://www.w3.org/2001/XMLSchema-instance"
    xsi:schemaLocation="http://www.loc.gov/MARC21/slim http://www.loc.gov/standards/marcxml/schema/MARC21slim.xsd"
    xmlns="http://www.loc.gov/MARC21/slim">

  <leader>00954cam a22002531  4500</leader>
  <controlfield tag="001">ca 18001598 </controlfield>
  <controlfield tag="003">DLC</controlfield>
  <controlfield tag="005">20260227111108.0</controlfield>
  <controlfield tag="008">880622s1903    pl            000 0 pol  </controlfield>
  <datafield tag="010" ind1=" " ind2=" ">
    <subfield code="a">ca 18001598 </subfield>
  </datafield>
  <datafield tag="035" ind1=" " ind2=" ">
    <subfield code="a">(OCoLC)18123280</subfield>
  </datafield>
  <datafield tag="040" ind1=" " ind2=" ">
    <subfield code="a">DLC</subfield>
    <subfield code="c">MiDW</subfield>
    <subfield code="d">MiDW</subfield>
    <subfield code="d">DLC</subfield>
  </datafield>
  <datafield tag="042" ind1=" " ind2=" ">
    <subfield code="a">premarc</subfield>
  </datafield>
  <datafield tag="050" ind1="0" ind2="0">
    <subfield code="a">AC60</subfield>
    <subfield code="b">.B47 nr. 45</subfield>
  </datafield>
  <datafield tag="245" ind1="0" ind2="0">
    <subfield code="a">Sejm piekielny.</subfield>
    <subfield code="b">Satyra obyczajowa (1622 r.)</subfield>
    <subfield code="c">Wyda&#x142; Aleksander Br&#xFC;ckner.</subfield>
  </datafield>
  <datafield tag="260" ind1=" " ind2=" ">
    <subfield code="a">Krak&#xF3;w,</subfield>
    <subfield code="b">Nak&#x142;adem Akademii umiej&#x119;tno&#x15B;ci,</subfield>
    <subfield code="c">1903.</subfield>
  </datafield>
  <datafield tag="300" ind1=" " ind2=" ">
    <subfield code="a">76 p.</subfield>
    <subfield code="c">21 cm.</subfield>
  </datafield>
  <datafield tag="490" ind1="1" ind2=" ">
    <subfield code="a">Wydawnictwa Akademii umiej&#x119;tno&#x15B;ci w Krakowie. Biblioteka pisarz&#xF3;w polskich,</subfield>
    <subfield code="v">nr. 45</subfield>
  </datafield>
  <datafield tag="500" ind1=" " ind2=" ">
    <subfield code="a">With reproduction of original t.-p.</subfield>
  </datafield>
  <datafield tag="500" ind1=" " ind2=" ">
    <subfield code="a">Attributed by Orgelbrand to Jan Borawski.</subfield>
  </datafield>
  <datafield tag="700" ind1="1" ind2=" ">
    <subfield code="a">Br&#xFC;ckner, Aleksander,</subfield>
    <subfield code="d">1856-1939,</subfield>
    <subfield code="e">ed.</subfield>
  </datafield>
  <datafield tag="700" ind1="1" ind2=" ">
    <subfield code="a">Borawski, Jan,</subfield>
    <subfield code="d">active 1620,</subfield>
    <subfield code="e">supposed author.</subfield>
  </datafield>
  <datafield tag="810" ind1="2" ind2=" ">
    <subfield code="a">Polska Akademia Umiej&#x119;tno&#x15B;ci, Krak&#xF3;w.</subfield>
    <subfield code="t">Biblioteka pisarz&#xF3;w polskich ;</subfield>
    <subfield code="v">no. 45.</subfield>
  </datafield>
  <datafield tag="999" ind1=" " ind2=" ">
    <subfield code="c">15442</subfield>
    <subfield code="d">15442</subfield>
  </datafield>
</record>
